00395nam a2200145Ia 4500008004100000020001500041041001200056082001600068100001300084245007700097260003300174300000800207650002100215700001300236221030s9999 xx 000 0 und d a8187522321 aEnglish a105.23bSin aG. Singh 0aPC Software Made Easy Ten In One ( DEPARTMENTAL )cby G. Singh, M. Pannu bKhanna Pub.aNew Delhic2000 a567 aCSE Departmental aM. Pannu